[Event "CHN-ch Blitz Open 2018"]
[Site "Tianjin"]
[Date "2018.06.08"]
[Round "5.8"]
[White "Zhao, Jun"]
[Black "Gao, Rui"]
[Result "0-1"]
[WhiteElo "2585"]
[BlackElo "2446"]
[Annotator "TA"]
[PlyCount "58"]
[EventDate "2018.06.07"]
[EventType "blitz"]
[EventRounds "9"]
[EventCountry "CHN"]
[SourceTitle "playchess.com"]
[Source "ChessBase"]
[SourceQuality "1"]

{[%evp 37,58,0,0,-13,-42,-91,-81,-175,-157,-424,-431,-416,-368,-1104,-1091,-29994,-29995,-29995,-29996,-29996,-29997,-29998,-29999]} 1. d4 d5 2. c4 c6 3. Nf3 Nf6 4. Nc3 e6 5. Bg5 dxc4 6. e4 {[%cal Be2e4,Be4e5][%mdl 32]} b5 7. e5 h6 8. Bh4 g5 9. Nxg5 hxg5 10. Bxg5 Nbd7 11. g3 Bb7 12. Bg2 Qb6 13. exf6 c5 14. d5 O-O-O 15. O-O b4 16. Na4 Qb5 17. a3 Nb8 {[%cal Bd7b8,Bb8c6,Bc6e5,Be5f3][%mdl 32]} 18. axb4 cxb4 19. Qd4 Nc6 $1 {[%cal Rc6d4] LiveBook: 31 Partien. D44: Damengambit (Botwinnik-Variante)} 20. Qg4 (20. Nb6+ axb6 21. dxc6 Bxc6 22. Bxc6 Qxc6 23. Qg4 Kb7 24. b3 c3 25. Qe2 {½-½ (25) Starke,R (2604)-Cruzado Duenas,C (2574) ICCF email 2015}) 20... Rxd5 21. h4 Ne5 {Schwarz steht besser.} 22. Qe2 {[#]} (22. Qe4 $17) 22... Rd3 $1 $19 23. Be3 $146 (23. Rfc1 $17 Bf3 24. Bxf3 Nxf3+ 25. Kg2) ({Vorgänger:} 23. Bxb7+ Kxb7 24. Qe4+ Qd5 25. Qxd5+ exd5 26. Rfd1 Kc6 27. Be3 {0-1 (41) Eckstein,B-Berreth,M Uttenreuth 1996}) 23... Bxg2 24. Kxg2 Qd5+ 25. Kh3 $2 (25. f3 Bh6 26. Bxa7) 25... Nf3 26. Rfc1 {[#]} Rxh4+ $1 {[%mdl 512] Schwarz setzt Matt.} 27. gxh4 Qf5+ 28. Kg3 Bd6+ 29. Kg2 Qg4+ 0-1

[Event "CHN-ch Blitz Open 2018"]
[Site "Tianjin"]
[Date "2018.06.08"]
[Round "5.9"]
[White "Li, Di"]
[Black "Liu, Yan"]
[Result "1-0"]
[WhiteElo "2338"]
[BlackElo "2466"]
[Annotator "TA"]
[PlyCount "87"]
[EventDate "2018.06.07"]
[EventType "blitz"]
[EventRounds "9"]
[EventCountry "CHN"]
[SourceTitle "playchess.com"]
[Source "ChessBase"]
[SourceQuality "1"]

{[%evp 18,87,57,32,64,55,85,67,96,62,60,54,72,66,61,43,105,98,116,111,118,80,90,81,75,77,85,65,59,56,54,21,39,33,40,35,61,51,115,57,74,67,73,77,139,141,200,197,195,201,256,262,226,202,499,389,441,198,1225,1048,1449,1449,1157,962,909,920,956,960,1079,1024,2011,1957]} 1. d4 Nf6 2. c4 e6 3. Nf3 b6 4. a3 Bb7 5. Nc3 g6 6. Qc2 Bg7 7. e4 d6 8. Bd3 {E12: Damenindisch (Petrosjan-System und 4. oder 5.Lg5)} O-O 9. O-O Nbd7 10. Re1 {LiveBook: 5 Partien. Weiß steht etwas besser.} a5 $146 ({Vorgänger:} 10... a6 11. d5 Re8 12. Rb1 Rc8 13. Bf4 exd5 14. cxd5 Nc5 15. Bc4 h6 {1-0 (32) Sanikidze,T (2537)-Howell,D (2671) Gjakova 2016}) 11. Bf1 Nh5 12. Bg5 f6 13. Be3 {Droht g4 und aus.} f5 14. Bg5 Qe8 15. exf5 Rxf5 16. d5 e5 (16... Ne5 $14 17. Nxe5 Bxe5) 17. Nb5 Qb8 18. Be3 Nf4 19. Nh4 Rf7 20. g3 Nh5 21. Bh3 {Und Le6 würde nun gewinnen.} Nf8 22. b4 Bc8 23. Bg2 Nf6 24. Rab1 Ng4 25. c5 Nxe3 26. Rxe3 Bd7 27. c6 $36 {[%mdl 2048] Weiss drückt.} Bf5 (27... Bg4 $14) 28. Be4 (28. Nxf5 $16 gxf5 29. Bh3) 28... Bxe4 29. Qxe4 axb4 30. Rxb4 Ra5 ({Lieber} 30... Qd8) 31. Rf3 $16 Qe8 {[#]} (31... Re7 $16 {kämpft weiter.} 32. Ng2 Rf7 33. Rxf7 Kxf7) 32. Rxf7 $1 $18 Qxf7 33. Nf3 Bh6 34. Kg2 Bc1 35. a4 h6 $2 {[#]} (35... Ra8 36. Rb1 Bh6) 36. h4 Ra8 37. Qg4 ({Bloß nicht} 37. Rb1 Nh7 $18) (37. Qc2 $142) 37... Nd7 $2 (37... h5 38. Qe4 Bh6) 38. Qxd7 {Weiß steht klar auf Gewinn.} Qxd7 39. cxd7 Rd8 40. Nxc7 Rxd7 41. Ne6 Rb7 42. Rc4 Ba3 43. Rc8+ Kf7 44. Nd8+ {Precision: Weiß = 56%, Schwarz = 17%.} 1-0

[Event "CHN-ch Blitz Open 2018"]
[Site "Tianjin"]
[Date "2018.06.08"]
[Round "5.10"]
[White "Chu, Wei Chao"]
[Black "Chen, Qi B"]
[Result "1/2-1/2"]
[WhiteElo "2297"]
[BlackElo "2401"]
[Annotator "TA"]
[PlyCount "80"]
[EventDate "2018.06.07"]
[EventType "blitz"]
[EventRounds "9"]
[EventCountry "CHN"]
[SourceTitle "playchess.com"]
[Source "ChessBase"]
[SourceQuality "1"]

{[%evp 16,80,76,75,75,72,79,80,76,79,90,73,90,89,95,50,52,54,33,7,27,18,56,0,13,0,12,0,9,0,1,7,7,0,7,0,0,0,0,0,6,0,8,0,24,11,12,11,31,31,43,16,16,11,21,16,16,4,8,0,0,0,11,0,0,0,8]} 1. d4 Nf6 2. c4 g6 3. Nc3 Bg7 4. e4 d6 5. Nf3 O-O 6. Be2 Na6 7. Bf4 c5 8. d5 Bg4 9. O-O {LiveBook: 11 Games} Nd7 {E91: King's Indian: Classical: 6 Be2, unusual replies including 6...c5 and 6...Bg4} 10. Qd2 Re8 11. h3 Bxf3 {White is better.} 12. Bxf3 Nc7 13. a4 a6 14. Be2 Rb8 {[#]} 15. Bh6 $146 ({Predecessor:} 15. Rad1 Nf8 16. Bg3 Bd4 17. Kh1 {1-0 (52) Lautier,J (2658)-Galego,L (2429) Ohrid 2001}) 15... Bxh6 16. Qxh6 e6 17. Rae1 exd5 18. exd5 f5 19. h4 Qf6 20. Qg5 Re7 21. Bd3 Rbe8 22. Rxe7 Rxe7 23. Qxf6 Nxf6 24. f3 Kf7 25. Kf2 (25. a5 {with more complications.} Nd7 26. Kf2 Ne5 27. Be2 Ne8 28. Rb1) 25... Nd7 26. Re1 (26. Bb1 {is more complex.} Ne5 27. b3 Ne8 28. h5 Nf6 29. hxg6+ hxg6 30. a5) 26... Rxe1 27. Kxe1 $11 {[%mdl 4096] Endgame KBN-KNN} Kf6 28. g3 h6 29. Kd2 g5 30. hxg5+ hxg5 31. f4 gxf4 32. gxf4 Nf8 33. Ne2 {White wants to play Ng3.} Ng6 {The position is equal.} 34. Ke3 Ne8 35. Ng3 Ng7 36. b3 Nh4 37. Kf2 Ng6 38. Ke3 Nh4 39. Kf2 Ng6 40. Ke3 Nh4 {Precision: White = 26%, Black = 52%.} 1/2-1/2

[Event "CHN-ch Blitz Open 2018"]
[Site "Tianjin"]
[Date "2018.06.08"]
[Round "5.11"]
[White "Ma, Zhonghan"]
[Black "Lou, Yiping"]
[Result "1-0"]
[WhiteElo "2489"]
[BlackElo "2419"]
[Annotator "TA"]
[PlyCount "104"]
[EventDate "2018.06.07"]
[EventType "blitz"]
[EventRounds "9"]
[EventCountry "CHN"]
[SourceTitle "playchess.com"]
[Source "ChessBase"]
[SourceQuality "1"]

{[%evp 14,104,12,10,17,15,24,0,14,0,0,0,0,-9,-9,-7,-7,-12,-14,-11,-17,-13,0,-23,-17,-19,-8,-35,-26,-65,-58,-66,-55,-56,-22,-36,-29,-30,-27,-72,-31,-17,-22,-69,-16,-296,-296,-296,-296,-288,-284,-269,-241,-331,-218,-208,-207,-459,-398,-523,-515,-508,-493,-543,-8,-351,0,-470,-202,-194,-211,-255,-224,-194,-8,-8,0,-155,-141,-141,0,-329,0,-433,0,-141,-133,-126,-8,-8,-8,-14,0]} 1. Nf3 d5 2. c4 e6 3. d4 c6 4. Bg5 Be7 5. Bxe7 Qxe7 6. Nc3 {D30: Queen's Gambit Declined: Systems without Nc3} (6. Nbd2 Nf6 7. g3 O-O 8. Bg2 b6 9. O-O Bb7 10. Ne5 Nbd7 11. Nxd7 Nxd7 12. Rc1 Rfd8 13. Qb3 Rab8 14. Rfd1 {½-½ (36) Radjabov,T (2741)-Rapport,R (2692) Palma de Mallorca 2017}) 6... Nf6 7. e3 O-O 8. Bd3 {LiveBook: 9 Games} b6 9. O-O Bb7 10. Qe2 $146 ({Predecessor:} 10. e4 dxe4 11. Nxe4 Nbd7 12. Re1 Nxe4 13. Bxe4 Nf6 {0-1 (46) Rychagov,A (2530)-Krapivin,A (2514) Moscow 2009}) 10... Nbd7 11. e4 dxe4 12. Nxe4 c5 13. Rfe1 Rad8 14. Rad1 cxd4 15. Nxd4 Nc5 16. Nxc5 Qxc5 17. Nf3 h6 18. Qe3 Qxe3 19. fxe3 Rd7 20. Kf2 Rfd8 21. Ke2 Kf8 22. Bc2 Rxd1 23. Rxd1 Rxd1 (23... Rc8 {is interesting.} 24. b3 Ke7 25. Bd3 g5 26. g3 g4) 24. Kxd1 $15 {[%mdl 4096] Endgame KBN-KBN} Ke7 25. Ke2 Nd7 26. b4 Kd6 27. a3 g5 28. h3 f6 (28... Bxf3+ $15 29. gxf3 Ne5) 29. g3 $2 {[%mdl 8192]} (29. Ba4 $11) 29... Bxf3+ $1 $19 30. Kxf3 {KB-KN} Ne5+ 31. Ke4 Nxc4 32. a4 a5 33. Kd4 Ne5 34. bxa5 bxa5 35. Bb3 $2 (35. g4 {was necessary.}) 35... h5 36. Bd1 h4 37. gxh4 gxh4 38. Be2 Kc6 $2 (38... f5 $19 {White must now prevent ...Nc6+.} 39. Bd1 Nf7) 39. Bd1 $2 {[%mdl 8192]} (39. Bb5+ $1 $11 {and White is okay.} Kd6 40. Ke4) 39... Kd6 40. Be2 Nf7 (40... f5 $142 41. Bf1 Nd7) 41. Kc4 Kc6 42. Bf3+ {[#]} Kb6 $1 {Hoping for ...Ne5+.} 43. Kd4 Ng5 $2 (43... Nh6 $19 {aiming for ...Nf5+.} 44. Be4 Nf7) 44. Bg2 $11 Nf7 (44... e5+ $11 45. Kd5 Kc7) 45. Bf3 $1 $17 Ne5 46. Be2 Kc6 $2 (46... Nc6+ $17 47. Kc4 Ne5+ 48. Kd4 Kc6) 47. Bd1 $19 Kd6 48. Be2 Nf7 $2 (48... f5 $19 49. Bd1 Nf7) 49. Kc4 $1 $17 Ng5 50. Bf1 {[#]} e5 (50... Ne4 $1 $17 {[%cal Re4d2]} 51. Bg2 Ng3) 51. Kb5 $11 Ne4 {...Nc3+ is the strong threat.} 52. Kxa5 Kc5 {[%mdl 32768] Precision: White = 38%, Black = 40%. . Sensor Board Error (Ke4/e5)?} 1-0

[Event "CHN-ch Blitz Open 2018"]
[Site "Tianjin"]
[Date "2018.06.08"]
[Round "5.12"]
[White "Li, Yankai"]
[Black "Zhao, Zhouqiao Chn"]
[Result "1/2-1/2"]
[WhiteElo "2337"]
[BlackElo "2294"]
[Annotator "TA"]
[PlyCount "127"]
[EventDate "2018.06.07"]
[EventType "blitz"]
[EventRounds "9"]
[EventCountry "CHN"]
[SourceTitle "playchess.com"]
[Source "ChessBase"]
[SourceQuality "1"]

{[%evp 11,127,37,44,22,24,7,26,16,16,17,24,22,19,16,17,4,8,0,0,0,0,0,0,0,0,0,0,9,15,-8,0,-33,-9,-8,-9,-10,-8,-14,-14,-14,-14,-10,0,-19,0,0,0,0,0,0,0,0,0,0,0,0,0,-3,10,10,10,10,10,7,7,0,0,0,0,0,0,0,0,0,0,0,0,0,0,0,0,0,0,0,0,0,0,0,0,0,0,0,0,0,0,0,0,0,0,0,0,0,0,0,0,0,0,0,0,0,0,0,0,0,0,0,0,0]} 1. d4 d5 2. c4 dxc4 3. Nf3 a6 4. e3 Nf6 5. Bxc4 e6 6. O-O Be7 {LiveBook: 20 Partien} 7. Nc3 {D26: Angenommenes Damengambit} (7. Qe2 b5 8. Bb3 Bb7 9. Rd1 Nbd7 10. Nc3 O-O 11. e4 b4 12. e5 bxc3 13. exf6 Nxf6 14. bxc3 Nd5 {1-0 (91) Oleksienko,M (2636)-Bortnyk,M (2417) Lvov 2017}) 7... b5 8. Be2 Bb7 9. a3 {Weiß hat minimalen Vorteil.} c5 10. dxc5 {Droht stark Dxd8+.} Qxd1 11. Rxd1 Bxc5 12. b4 Be7 13. Bb2 Nbd7 14. Nd4 O-O $146 15. Nb3 Rac8 16. Na5 Ba8 17. Rac1 Nb6 18. f3 Rfd8 19. Kf2 Kf8 20. g4 Rxd1 21. Rxd1 Nfd5 22. Nxd5 {Die Stellung ist ausgeglichen.} Nxd5 23. Rc1 $1 {[%cal Rc1c8]} Bh4+ 24. Kg1 Rxc1+ 25. Bxc1 Nc3 26. Kf1 Bf6 27. e4 Nxe2 28. Kxe2 $11 {[%mdl 4096] Endspiel KLL-KLS} g5 29. Kd3 h6 30. Be3 Bb2 31. Kc2 Be5 32. h3 Bc7 33. Nb3 Bb7 34. Kd3 Bd6 35. Bc5 Ke7 $1 36. Kd4 e5+ 37. Kd3 Bc8 38. Bxd6+ Kxd6 {KL-KS} 39. Nc5 a5 40. Kc3 a4 41. Kd3 Be6 42. Ke3 Bc4 43. Kf2 f6 44. Kg3 Bf7 45. h4 Bc4 46. h5 Bf7 47. Kf2 Bc4 48. Ke3 Bf1 49. Kf2 Bc4 50. Ke1 Bf7 51. Nd3 Bc4 52. Nf2 Kc6 53. Kd2 Kd6 54. Ke3 Ke6 55. Nh1 {Schwarz muss nun Sg3 beachten.} Ke7 56. Ng3 {Und weiter mit Sf5+ wäre nett.} Be6 $1 57. Kd3 Kd7 58. Kc3 Kc7 59. Kd3 Kd7 60. Ke3 Ke7 61. Ne2 Kd6 62. Nc3 Bc4 63. Ne2 Bxe2 64. Kxe2 {Precision: Weiß = 79%, Schwarz = 75%.} 1/2-1/2

[Event "CHN-ch Blitz Open 2018"]
[Site "Tianjin"]
[Date "2018.06.08"]
[Round "5.13"]
[White "Peng, Xiongjian"]
[Black "Xiang, Zeyu"]
[Result "1-0"]
[WhiteElo "2321"]
[BlackElo "2293"]
[Annotator "TA"]
[PlyCount "158"]
[EventDate "2018.06.07"]
[EventType "blitz"]
[EventRounds "9"]
[EventCountry "CHN"]
[SourceTitle "playchess.com"]
[Source "ChessBase"]
[SourceQuality "1"]

{[%evp 10,158,-8,3,16,6,9,1,10,6,12,12,28,2,20,11,13,0,0,0,0,0,0,0,0,0,0,0,33,40,72,59,65,44,82,70,70,66,97,72,75,14,20,0,0,0,0,-12,0,0,0,-4,0,0,0,-10,-10,-18,-10,-18,0,-29,-14,-74,-22,-80,-71,-60,0,-143,-43,-50,-47,-146,-24,-513,-85,-83,-60,-52,-24,-76,-76,-83,-18,-30,-27,-21,0,0,151,167,179,165,210,0,104,0,130,130,137,137,247,263,431,424,752,739,1002,973,808,443,792,735,1213,1210,1234,1167,6740,6617,5895,5330,6809,579,572,0,6713,6813,29973,29974,29969,29965,29974,29976,5695,2093,2240,2145,29974,29975,29975,29976,29974,4631,29974,29975,12849,29974,6125,5604,4618]} 1. d4 Nf6 2. Bf4 d5 3. Nc3 e6 4. e3 Bd6 (4... Bb4 5. Nge2 Nh5 6. a3 Be7 7. Be5 Nd7 8. g4 Nhf6 9. Bf4 O-O 10. Ng3 c5 11. g5 Ne8 12. h4 {1-0 (47) Rapport,R (2698)-Grischuk,A (2750) chess.com INT 2017}) 5. Nf3 Bxf4 6. exf4 {LiveBook: 10 Games. D00: 1 d4 d5: Unusual lines} Nbd7 {[%cal Bb8d7,Bd7c5,Bc5d3][%mdl 32]} 7. Bb5 c6 8. Bd3 {The position is equal.} c5 9. O-O O-O 10. Re1 cxd4 $146 ({Predecessor:} 10... a6 11. a3 b5 12. dxc5 Nxc5 13. b4 {1-0 (37) Fries Nielsen,J (2358)-Olsen,F (2309) Ballerup 2018}) 11. Nxd4 Nc5 12. a3 Bd7 13. Qf3 Nxd3 14. Qxd3 Rc8 15. Rad1 Qb6 16. Rb1 Rc4 17. Nce2 Ne4 18. c3 Bb5 19. Ng3 Nxg3 20. Qxg3 Bd7 21. h4 {[%cal Bh2h4,Bh4h5][%mdl 32]} Qc7 22. Re3 Qd6 23. Rbe1 b5 24. h5 h6 25. Qh4 (25. Qg4 $16 {Strongly threatening Rg3.} Re8 26. Rg3) 25... a5 $11 26. Rg3 {Intending Qf6 and mate.} Kh7 27. Qg4 {[%csl Gg3][%cal Rg4g7]} Rg8 28. Ra1 b4 29. axb4 axb4 30. Ra7 bxc3 31. bxc3 Rc7 32. Rxc7 Qxc7 33. Qf3 Qd6 34. Qe3 Ra8 35. Nf3 (35. c4 $5) 35... Qe7 36. Ne5 (36. Qe5 $11 Qf6 37. f5) 36... Be8 ({Black should try} 36... Ra4 $17) 37. Rg4 (37. Nf3 $11) 37... Ra1+ 38. Kh2 Ra8 (38... Ra4 $15) 39. Qg3 (39. Kg1 $11) 39... Qf6 (39... f5 $1 $17 {[%cal Rf5g4]} 40. Rh4 Ra3) 40. Qe3 $15 Ra4 41. g3 (41. f3 $15) 41... Re4 (41... Qf5 $17 42. Qc5 Qc2) 42. Qd3 $2 {[%mdl 8192]} (42. Qc5 $1 $11) 42... Kg8 $2 (42... Qf5 $1 $19 43. Rh4 Rxe5 44. Qxf5+ Rxf5) 43. Nf3 Ra4 44. Kg2 Ra8 (44... Rc4 {with more complications.} 45. Ne5 Rc8 46. Rh4 Qe7 47. Rh1 Qa3) 45. Qd4 (45. Nd4 $11) 45... Qxd4 $17 46. cxd4 {[%mdl 4096] Endgame KRB-KRN} Ra4 (46... Ra1 $17) 47. Rh4 $11 Kf8 48. Rh1 Bb5 49. Rb1 Bd3 $2 ({Black should play} 49... Ra5 $11) 50. Rb8+ $16 Ke7 {[#]} 51. Rb7+ $1 Ke8 52. Rb8+ (52. Ne5 $18 Be4+ 53. f3 Ra2+ 54. Kh3) 52... Ke7 {Threatening ...Be4.} 53. Rb7+ Ke8 $1 54. Ne5 $1 {[%csl LRd3,LRf7]} Be4+ 55. f3 Ra2+ {[#]} (55... f6 $16) 56. Kh3 $1 $18 Bf5+ $2 (56... f6 57. fxe4 fxe5) 57. g4 f6 (57... Bc2 $142 58. Rxf7 Bd3) 58. gxf5 fxe5 59. fxe5 exf5 {KR-KR} 60. Rb5 Ra3 (60... Ra1 $142 61. Kg2 (61. Rxd5 Rh1+ 62. Kg3 Rxh5 $16) 61... f4 62. Rxd5 Rd1) 61. Kg3 Ke7 62. Rxd5 Rd3 63. Kf4 Ke6 64. Rd6+ Ke7 65. d5 Rd1 66. Re6+ (66. Kxf5 $142 Rd3 67. Kg6 Rxf3 68. Kxg7) 66... Kf7 67. Rd6 (67. Kxf5 $142 Rxd5 68. Ra6) 67... Ke7 68. Kxf5 Rh1 69. Ra6 Rxh5+ 70. Ke4 Rh1 71. Ra7+ Kf8 72. Ra8+ (72. d6 $142 Rd1 73. Kf5) 72... Kf7 73. e6+ {[%cal Be5e6,Be6e7][%mdl 32]} Kf6 74. Rf8+ Ke7 75. Rf7+ Kd6 76. Rd7+ Kc5 77. e7 Re1+ 78. Kf5 h5 79. d6 Re3 {Precision: White = 43%, Black = 32%.} 1-0

[Event "CHN-ch Blitz Open 2018"]
[Site "Tianjin"]
[Date "2018.06.08"]
[Round "5.14"]
[White "Zeng, Chongsheng"]
[Black "Ye, Rongguang"]
[Result "1-0"]
[WhiteElo "2477"]
[BlackElo "2415"]
[Annotator "TA"]
[PlyCount "51"]
[EventDate "2018.06.07"]
[EventType "blitz"]
[EventRounds "9"]
[EventCountry "CHN"]
[SourceTitle "playchess.com"]
[Source "ChessBase"]
[SourceQuality "1"]

{[%evp 11,51,-14,-4,-12,-12,-7,-14,-16,-16,-52,-46,-167,-21,-19,106,-53,-17,-87,285,279,278,279,465,436,452,440,450,426,500,490,565,576,686,686,669,667,882,934,1033,957,29981,29982]} 1. b3 Nf6 2. Bb2 d5 3. e3 Bf5 4. f4 e6 5. Nf3 Be7 6. Be2 O-O 7. O-O {A03: Bird's Opening with 1...d5} c5 8. Ne5 {And now g4 would win.} (8. h3 Nc6 9. d3 Bg6 10. g4 Nd7 11. Nbd2 f5 12. g5 e5 13. h4 d4 14. fxe5 dxe3 {0-1 (49) Nepomniachtchi,I (2714)-Tomashevsky,E (2714) Sochi 2014}) 8... h6 9. Bd3 $146 {The position is equal.} ({Predecessor:} 9. c4 Bh7 10. Nc3 d4 11. Na4 dxe3 12. dxe3 Qc7 13. Bf3 Rd8 14. Qe2 Be4 {½-½ (108) Ingbrandt,J (2358)-Hultin,J (2346) Sweden 2014}) 9... Bxd3 10. cxd3 Nfd7 11. Nc3 ({White should try} 11. d4 $15) 11... Bf6 ({Better is} 11... d4 $19 12. exd4 cxd4) 12. Ng4 Be7 {[#]} (12... Nc6 $11) 13. Qf3 $2 (13. Nxd5 $1 $16 exd5 {[#]} 14. Nxh6+ $1 {[%mdl 512]} gxh6 15. Qg4+ Bg5 16. fxg5 Qxg5 17. Qh3) 13... f5 (13... d4 {seems wilder.} 14. Ne2 Nc6 15. exd4 cxd4 16. f5 h5) 14. Nxd5 (14. Ne5 $11) 14... fxg4 $4 {[%mdl 8192]} (14... exd5 $17 15. Qxd5+ Kh7 16. Qxb7 Qb6 17. Qxa8 Nc6 18. Qxf8 Bxf8) 15. Nxe7+ $18 ({Stronger than} 15. Qxg4 Bf6 $15) 15... Qxe7 16. Qxb7 Qd6 $2 (16... Nc6) 17. Qxa8 Qxd3 18. Bc3 a6 19. Qb7 Qd6 20. Rad1 Nc6 21. Qxa6 Qc7 22. Qc4 Re8 23. f5 Nde5 24. Qxc5 exf5 25. Rxf5 Nd3 26. Qd5+ {Precision: White = 50%, Black = 21%.} 1-0

[Event "CHN-ch Blitz Open 2018"]
[Site "Tianjin"]
[Date "2018.06.08"]
[Round "6.1"]
[White "Xu, Xiangyu"]
[Black "Wang, Hao"]
[Result "1/2-1/2"]
[WhiteElo "2370"]
[BlackElo "2779"]
[Annotator "TA"]
[PlyCount "63"]
[EventDate "2018.06.07"]
[EventType "blitz"]
[EventRounds "9"]
[EventCountry "CHN"]
[SourceTitle "playchess.com"]
[Source "ChessBase"]
[SourceQuality "1"]

{[%evp 16,63,2,9,5,-30,-19,-43,-4,-9,-11,-16,-26,-23,-15,-38,-44,-75,-71,-95,-95,-95,-95,-95,-95,-95,-95,-95,-95,-95,-95,-95,-95,-103,-105,-108,-108,-127,-127,-137,-103,-132,-119,-182,-120,-115,0,-158,0,-132]} 1. e4 e5 2. Nf3 Nc6 3. Bb5 Nf6 4. d3 Bc5 5. c3 O-O 6. Bxc6 {C65: Spanische Partie (Berliner-Verteidigung)} (6. O-O d6 7. h3 Bb6 8. Nbd2 Ne7 9. Re1 c6 10. Ba4 Ng6 11. Nf1 d5 12. Ng3 dxe4 13. Nxe4 Nxe4 14. dxe4 Be6 15. Bb3 {½-½ (29) Anand,V (2760)-Carlsen,M (2843) Stavanger 2018}) 6... bxc6 7. Nxe5 d5 8. d4 Qe8 9. O-O {LiveBook: 3 Partien} dxe4 10. Bg5 $146 ({Vorgänger:} 10. Qa4 Bd6 11. Qxc6 Bxe5 12. Qxe8 Bxh2+ 13. Kxh2 Rxe8 14. c4 Ba6 15. b3 e3 16. Bxe3 Ng4+ 17. Kg1 Nxe3 18. fxe3 Rxe3 {½-½ (18) Tari,A (2570)-Hammer,J (2628) Sweden 2017}) 10... Nd5 11. c4 {[%cal Bc3c4,Bc4c5][%mdl 32]} Nb6 12. Nc3 Bd6 13. c5 Bxe5 14. dxe5 Qxe5 15. Be3 Nd5 16. Nxd5 cxd5 17. b4 Ba6 18. Bd4 Qe6 19. Re1 Bc4 20. a4 a6 21. Qd2 c6 22. Re3 f6 23. Bc3 Rf7 24. Rae1 h6 25. Rg3 Kh7 26. h4 Qf5 27. Qd1 h5 28. Ree3 Re8 29. Bd4 (29. Re1 $17) 29... Kg8 (29... Rb8 $19 30. Bc3 Rfb7) 30. Ra3 $17 Kh7 31. Rae3 $1 Kg8 $2 {[#]} (31... Bd3 $17 {Und ...Tb8 würde nun gewinnen.} 32. Bc3 Rb8 33. Rxd3 exd3) 32. Bc3 {Precision: Weiß = 32%, Schwarz = 59%.} (32. Ra3 $1 $11) 1/2-1/2

[Event "CHN-ch Blitz Open 2018"]
[Site "Tianjin"]
[Date "2018.06.08"]
[Round "6.2"]
[White "Dai, Changren"]
[Black "Bai, Jinshi"]
[Result "1/2-1/2"]
[WhiteElo "2278"]
[BlackElo "2471"]
[Annotator "TA"]
[PlyCount "61"]
[EventDate "2018.06.07"]
[EventType "blitz"]
[EventRounds "9"]
[EventCountry "CHN"]
[SourceTitle "playchess.com"]
[Source "ChessBase"]
[SourceQuality "1"]

{[%evp 9,61,20,15,16,12,18,21,24,27,24,29,30,42,28,24,27,29,30,45,18,56,53,58,60,68,-67,-60,-74,-72,-52,-60,-65,-71,-67,-68,-56,-67,-133,-131,-125,-38,-39,-39,-114,-112,-116,61,72,73,65,68,-8,-6,-5]} 1. e4 e5 2. Nf3 Nf6 3. Nxe5 d6 4. Nf3 Nxe4 5. Bd3 Nf6 6. O-O {C42: Petroff Defence: 3 Nxe5 and unusual White 3rd moves} Be7 7. c3 O-O 8. Bc2 b6 (8... Bg4 9. h3 Bh5 10. d4 c6 11. Re1 Na6 12. Nbd2 Qd7 13. Nf1 Rae8 {½-½ (39) Mamedov,R (2704)-Giri,A (2777) Shamkir 2018}) 9. d4 Bb7 10. Re1 Nbd7 11. Bg5 Re8 12. Qd3 Nf8 13. Nbd2 h6 {[#]} 14. Bh4 $146 Nh5 15. Ba4 c6 $1 16. d5 Nf4 17. Qe4 (17. Qc4 $14 Nxd5 18. Bxc6) 17... Nxd5 $15 ({But not} 17... Bxh4 $6 18. Qxf4 Rxe1+ 19. Rxe1 $16) 18. c4 Bxh4 19. Qxe8 Qxe8 20. Rxe8 Rxe8 21. cxd5 b5 22. dxc6 Bxc6 {Hoping for ...Bf6.} 23. Bb3 (23. Bxb5 $15 Bxf2+ 24. Kxf2 Bxb5 25. Nd4) 23... Bf6 $17 24. Rc1 Rc8 (24... Ba8 $17 {aiming for ...Ne6.} 25. Rc7 Ne6) 25. Ne4 $15 Bxb2 26. Rc2 (26. Nxd6 $15 Bxc1 27. Bxf7+ Kh7 28. Nxc8) 26... Ba3 $17 ({And not} 26... Bxe4 27. Rxc8 a5 28. Rb8 $16) 27. Nd4 Bd7 $2 ({Better is} 27... Re8 $17 28. Rxc6 Rxe4) 28. Rxc8 $14 Bxc8 29. Nxb5 Bb4 {[#]} 30. Nexd6 ({White should play} 30. Bxf7+ $1 $14 {[%mdl 512]} Kxf7 31. Nexd6+ (31. Nbxd6+ Ke6 $14) 31... Ke6 32. Nxc8) 30... Be6 $11 {Strongly threatening ...Bxb3.} 31. Ne4 {Precision: White = 47%, Black = 56%.} 1/2-1/2